| 000 | 00726nam a2200193 a 4500 | ||
|---|---|---|---|
| 001 | 000027670 | ||
| 005 | 20251119123450.0 | ||
| 008 | 110404s1983 dr c 000 0 spa d | ||
| 040 |
_aDO-SdBNP _bspa _cBNPHU |
||
| 082 |
_a378.7293 _bU58m |
||
| 110 | 2 |
_aUniversidad Católica de Santo Domingo _91476 |
|
| 245 | 1 | 0 |
_aMemorias : _bdiciembre, 1982/octubre, 1983. |
| 260 |
_aSanto Domingo : _bCorripio, _c1983. |
||
| 300 |
_a59 p. : _bil., retrs. ; _c19 cm. |
||
| 590 | _aInventariado, 2018/ YL | ||
| 650 | 4 |
_aUniversidades _zRepública Dominicana _xCorrespondencia, memorias, etc. _954755 |
|
| 650 | 4 |
_aEducación superior _zRepública Dominicana _xCorrespondencia, memorias, etc. _99410 |
|
| 910 | _aValidado. Control de la calidad EMS | ||
| 999 |
_c27162 _d27162 |
||